Random Marvel Cinematic Universe Characters (MCU) - Statistics

General Stats
  • This quiz has been taken 437 times
    425 since last reset
  • The average score is 17 of 25
Answer Stats
Actor Character % Correct
Chris Hemsworth Thor
98%
Chris Evans Captain America/ Steve Rogers
97%
Robert Downey Jr. Iron Man/ Tony Stark
95%
Chadwick Boseman Black Panther/ T'Challa
94%
Tom Holland/ Andrew Garfield/ Tobey Maguire Spider-Man/ Peter Parker
94%
Paul Rudd Ant-Man/ Scott Lang
93%
Scarlett Johansson Black Widow/ Natasha Romanoff
92%
Tom Hiddleston Loki
92%
Benedict Cumberbatch Doctor Strange/ Stephen Strange
91%
Jeremy Renner Hawkeye/ Clint Barton
91%
Mark Ruffalo/ Edward Norton Hulk/ Bruce Banner
91%
Brie Larson Captain Marvel/ Carol Danvers
90%
Vin Diesel Groot
90%
Chris Pratt Star-Lord/ Peter Quill
90%
Samuel L. Jackson Nick Fury
89%
Elizabeth Olsen Scarlet Witch/ Wanda Maximoff
89%
Anthony Mackie Falcon/ Sam Wilson/ Captain America
88%
Don Cheadle/ Terrence Howard War Machine/ James Rhodes/ Iron Patriot
87%
Zoe Saldana Gamora
86%
Gwyneth Paltrow Pepper Potts
86%
Zendaya Michelle Jones-Watson
85%
Bradley Cooper Rocket Raccoon
83%
Paul Bettany Vision/ J.A.R.V.I.S./ Edwin Jarvis
83%
Sebastian Stan Winter Soldier/ Bucky Barnes
83%
Natalie Portman Jane Foster/ Thor/ Mighty Thor
81%
Dave Bautista Drax the Destroyer
79%
Josh Brolin Thanos
79%
Benedict Wong Wong
77%
Michael Douglas Ant-Man/ Hank Pym
74%
Karen Gillan Nebula
73%
Aaron Taylor-Johnson/ Evan Peters Quicksilver/ Pietro Maximoff/ Ralph Bohner
72%
Jon Favreau Happy Hogan
71%
Evangeline Lilly Wasp/ Hope Van Dyne
71%
Jake Gyllenhaal Mysterio/ Quentin Beck
70%
Anthony Hopkins Odin
69%
Marisa Tomei May Parker/ Aunt May
68%
Idris Elba Heimdall
66%
Pom Klementieff Mantis
66%
Simu Liu Shang-Chi
66%
Hayley Atwell Peggy Carter/ Agent Carter/ Captain Carter
64%
Tessa Thompson Valkyrie
64%
Michael Keaton Vulture/ Adrien Toomes
63%
Florence Pugh Yelena Belova
61%
Kurt Russell Ego
58%
Jonathan Majors Kang the Conqueror/ He Who Remains
56%
Hailee Steinfeld Hawkeye/ Kate Bishop
55%
Michelle Pfeiffer Wasp/ Janet Van Dyne
55%
Charlie Cox Daredevil/ Matt Murdock
53%
Letitia Wright Black Panther/ Shuri
52%
Cobie Smulders Maria Hill
52%
Tilda Swinton Ancient One
48%
Vincent D'Onofrio Kingpin/ Wilson Fisk
45%
Owen Wilson Mobius M. Mobius
44%
Daniel Bruhl Baron Zemo/ Zemo
43%
Iman Vellani Ms. Marvel/ Kamala Khan
40%
Emily Van Camp Agent 13/ Sharon Carter/ Power Broker
38%
Clark Gregg Agent Coulson/ Phil Coulson
38%
Jacob Batalon Ned Leeds
38%
Kat Dennings Darcy Lewis
37%
William Hurt General Ross/ Thunderbolt Ross
34%
Tatiana Maslany She-Hulk/ Jennifer Walters
34%
Stellan Skarsgard Erik Selvig
33%
Awkwafina Katy Cheng
26%
Maxamilliano Hernandez Jasper Sitwell/ Agent Sitwell
15%
Jeffrey Wright Uatu the Watcher
15%
No matching quizzes found
Score Distribution
Percent of People with Each Score
Percentile by Number Answered
Your Score History
You have not taken this quiz since the last reset